In Stars and Time Trivia (Whole Game) - Statistics

General Stats
  • This quiz has been taken 13 times
    2 since last reset
  • The average score is 25 of 38
Answer Stats
Hint Answer % Correct
27. What is the highest number of entities possible to be in one combat? 12 (The third miniboss, Bourdon, has six extra hands floating about, all which are separate whackable entities.)
100%
4. Floors in the house 3
100%
12. Acts in the game 6
100%
5. Worshiped(ish) in the game Change
100%
21. What Causes the start of act 2? Falling Rock (Your answer need only contain "rock" for this one. Thus, only one word.)
100%
13. Odile's homeland (More than one word) Ka Bue
100%
20. Only possible Act 6 fight Loop
100%
11. Game's color palette (Mostly, optionally only one word, but likely more.) Monochrome, Black and White
100%
10. (Probably) the smartest character in the game Odile
100%
6. What food is the player character deathly allergic to? Pineapple
100%
25. Original name of Loop Siffrin
100%
24. Adored by Siffrin's and King's homeland Stars
100%
18. Main Antagonist The King
100%
7. Main focus of the game (More than one word) Time Loop
100%
38. Boss Theme Be Careful, Everyone!
50%
22. Victim of King Quest Bonnie
50%
34. What does the youngest character give the rouge right before the end of (previous questions answer)? Candy
50%
35. Rarest random event in the game? Catching a fish! (10% chance after the first ten auto-fail. All attempts must be on unique loops. Technically, the "house's haunted" event is less likely statistically once initial conditions are met, but you have to go out of your way for this one. In addition, you might, like me and many other players, conclude that catching a fish is impossible, thus substantially reducing the odds of catching a fish.)
50%
39. Final Boss Theme Do You Remember?
50%
37. (Previous questions answer)'s theme? Game Over (Don't Leave Me Alone Here)
50%
16. Helper's Theme (More than one word) How Can I Help You, Stardust?
50%
23. Secret Boss OST Title (More than one word) How Can You Help Me, Stardust?
50%
15. Who made the game? Insertdisc5
50%
14. The Crusher Isabeau
50%
19. Siffrin and (previous question's answer)'s homeland (More than one word) Island North of Vaugarde
50%
40. Final Final Boss Theme I WON'T LET YOU GO HOME
50%
36. Name of yourself, twisted. Mal Du Pays
50%
26. What happens when you try to remember Siffrin and King's homeland? Migraine, dizziness, spontaneous bleeding, fainting spells, death
50%
3. Protagonist Mirabelle
50%
43. Almost every sadness's name translates to some synonym of what Vaugardian word? Sadness
50%
41. Who has the most dialogue sprites? Siffrin
50%
9. Confusing nickname for the "player" character Stardust
50%
33. What's the title of the game oft referred to as an In Stars and Time prototype? Start Again Start Again Start Again: A Prologue
50%
8. Country the game takes place in Vaugarde
50%
1. Final Boss Your "friends"
50%
42. How many dialogue sprites does this character have? 139
0%
2. First Boss Calamité
0%
17. It's Finally Over/Isn't it over..? Euphrasie
0%
No matching quizzes found
Score Distribution
Percent of People with Each Score
Percentile by Number Answered
Your Score History
You have not taken this quiz since the last reset